[Event "XXVI Miedzynarodowy Turniej im. Tadeusza"]
[Site "Police"]
[Date "2011.??.??"]
[Round "2.14"]
[White "Dogoda, Rafal"]
[Black "Chlost, Marlena"]
[Result "1-0"]
[WhiteElo "1870"]
[BlackElo "2198"]
[PlyCount "103"]
[EventDate "2011.??.??"]

1. c4 Nf6 2. Nc3 g6 3. Nf3 Bg7 4. g3 O-O 5. Bg2 d5 6. cxd5 Nxd5 7. O-O Nc6 8.
Ne1 Be6 9. Nc2 Qd7 10. d4 Nxc3 11. bxc3 Rfd8 12. e4 Bc4 13. Re1 e5 14. d5 Na5
15. Ne3 Ba6 16. Ba3 b6 17. Rc1 Kh8 18. c4 c5 19. Bb2 Rf8 20. f4 f6 21. Bf1 Rae8
22. f5 Bh6 23. Qf3 Nb7 24. Rc2 Bxe3+ 25. Rxe3 Nd6 26. Ra3 Bc8 27. g4 gxf5 28.
gxf5 Rg8+ 29. Kh1 Rg7 30. Bc1 Reg8 31. Be3 Rg4 32. Bd3 Qg7 33. Rc1 a6 34. Rb3
b5 35. Rbb1 bxc4 36. Be2 Rxe4 37. Rg1 Qf7 38. Rxg8+ Qxg8 39. Rg1 Qxd5 40. Qg2
Qf7 41. Bh5 Bb7 42. Bxf7 Rg4 43. Qxb7 Rxg1+ 44. Kxg1 Nxb7 45. Bxc4 Nd6 46. Bxa6
c4 47. Kf2 c3 48. Bd3 Kg8 49. Bc5 e4 50. Bxd6 exd3 51. Ke3 d2 52. Ke2 1-0

[Event "XXVI Miedzynarodowy Turniej im. Tadeusza"]
[Site "Police"]
[Date "2011.??.??"]
[Round "2.16"]
[White "Maliszewski, Jaroslaw"]
[Black "Graf, Pawel"]
[Result "0-1"]
[WhiteElo "1825"]
[BlackElo "2141"]
[PlyCount "106"]
[EventDate "2011.??.??"]

1. c4 c5 2. Nc3 b6 3. Nf3 Bb7 4. e4 Nc6 5. d4 cxd4 6. Nxd4 e6 7. Be2 Nf6 8. Bf3
Ne5 9. Qe2 Nxf3+ 10. gxf3 Be7 11. Rg1 g6 12. Bh6 a6 13. O-O-O Qc7 14. e5 Nh5
15. Nc2 f5 16. exf6 Bxf6 17. Ne4 Be5 18. h3 Rc8 19. Nd2 b5 20. Rg4 Bg7 21. Bxg7
Nxg7 22. Kb1 O-O 23. Ne3 Qe5 24. Ne4 d5 25. Rg5 Nf5 26. Ng4 Qg7 27. Ng3 Kh8 28.
Nh5 Qc7 29. Qe5+ Ng7 30. Nxg7 Qxg7 31. cxd5 Bxd5 32. f4 Qxe5 33. fxe5 Be4+ 34.
Ka1 Bf3 35. Re1 Bxg4 36. Rxg4 Rxf2 37. a4 Rcc2 38. axb5 axb5 39. Rb4 Rc5 40.
Re3 Kg7 41. Rd4 Rf5 42. Rde4 g5 43. Ka2 Kg6 44. Kb3 Rf4 45. Kb4 Rxe4+ 46. Rxe4
Rd5 47. Ka5 h5 48. b4 h4 49. Kb6 Kf5 50. Re1 Rxe5 51. Rxe5+ Kxe5 52. Kxb5 g4
53. Ka6 gxh3 0-1

[Event "XXVI Miedzynarodowy Turniej im. Tadeusza"]
[Site "Police"]
[Date "2011.??.??"]
[Round "2.18"]
[White "Maruszczak, Joanna"]
[Black "Radwan, Leszek"]
[Result "1-0"]
[WhiteElo "1735"]
[BlackElo "2126"]
[PlyCount "63"]
[EventDate "2011.??.??"]

1. e4 c5 2. Nf3 d6 3. d4 cxd4 4. Nxd4 Nf6 5. Nc3 a6 6. Bg5 e6 7. f4 Be7 8. Qf3
Qc7 9. O-O-O Nbd7 10. Bd3 b5 11. Rhe1 Bb7 12. Qg3 O-O-O 13. e5 dxe5 14. fxe5
Nh5 15. Qh4 Bxg5+ 16. Qxg5 g6 17. Bxb5 axb5 18. Ndxb5 Qc5 19. Nd6+ Kc7 20. Nxf7
Rdf8 21. Nxh8 Rxh8 22. Rd6 Re8 23. g4 Ng7 24. Red1 Bc6 25. Ne4 Qa5 26. Nf6 Qxa2
27. Rxd7+ Bxd7 28. Rxd7+ Kc8 29. Qe3 Qa1+ 30. Kd2 Qa5+ 31. Qc3+ Qxc3+ 32. Kxc3
1-0

[Event "XXVI Miedzynarodowy Turniej im. Tadeusza"]
[Site "Police"]
[Date "2011.??.??"]
[Round "3.2"]
[White "Aliavdin, Nikolai"]
[Black "Malisauskas, Vidmantas"]
[Result "1-0"]
[WhiteElo "2392"]
[BlackElo "2477"]
[PlyCount "73"]
[EventDate "2011.??.??"]

1. e4 c5 2. Nf3 e6 3. d4 cxd4 4. Nxd4 Nf6 5. Nc3 Nc6 6. Ndb5 d6 7. Bf4 e5 8.
Bg5 a6 9. Na3 b5 10. Bxf6 gxf6 11. Nd5 Bg7 12. c3 f5 13. exf5 Bxf5 14. Nc2 Be6
15. Nce3 O-O 16. Bd3 f5 17. Qh5 e4 18. Bc2 Ne7 19. Rd1 Rc8 20. Bb3 f4 21. Nxe7+
Qxe7 22. Nf5 Qe8 23. Qg4 Rxf5 24. Qxf5 Bxb3 25. axb3 e3 26. Rxd6 exf2+ 27. Kd1
b4 28. c4 Bxb2 29. Rd7 Bc3 30. Qxh7+ Kf8 31. Qh6+ Kg8 32. Qg5+ Kh8 33. Qh4+ Kg8
34. Qg4+ Kh8 35. Rd3 Rd8 36. Qh4+ Kg7 37. Rxd8 1-0

[Event "XXVI Miedzynarodowy Turniej im. Tadeusza"]
[Site "Police"]
[Date "2011.??.??"]
[Round "3.4"]
[White "Olszewski, Michal"]
[Black "Kalinitschew, Sergey"]
[Result "1-0"]
[WhiteElo "2541"]
[BlackElo "2431"]
[PlyCount "81"]
[EventDate "2011.??.??"]

1. d4 Nf6 2. c4 g6 3. Nc3 Bg7 4. e4 d6 5. h3 O-O 6. Bg5 Nbd7 7. Bd3 c5 8. d5 e6
9. Nge2 Ne5 10. O-O h6 11. Be3 exd5 12. cxd5 Nxd3 13. Qxd3 Re8 14. Ng3 a6 15.
a4 Bd7 16. f4 b5 17. e5 c4 18. Qd2 b4 19. exf6 bxc3 20. bxc3 Qxf6 21. Bd4 Qh4
22. Rf3 Rac8 23. Bxg7 Kxg7 24. Rb1 f5 25. Rb7 Re7 26. Re3 Kf7 27. Rxe7+ Qxe7
28. Ne2 Ke8 29. Qd4 Kf7 30. Qa7 Rd8 31. Kf2 Ke8 32. Qxa6 Rc8 33. Qa7 g5 34. a5
Rc5 35. a6 gxf4 36. Qxc5 dxc5 37. a7 Qe3+ 38. Ke1 f3 39. a8=Q+ Ke7 40. d6+ Ke6
41. Qe8+ 1-0

[Event "XXVI Miedzynarodowy Turniej im. Tadeusza"]
[Site "Police"]
[Date "2011.??.??"]
[Round "3.6"]
[White "Moritz, Aron"]
[Black "Kantans, Toms"]
[Result "0-1"]
[WhiteElo "2091"]
[BlackElo "2345"]
[PlyCount "84"]
[EventDate "2011.??.??"]

1. e4 c5 2. Nf3 d6 3. d4 cxd4 4. Nxd4 Nf6 5. Nc3 g6 6. Be3 Bg7 7. f3 O-O 8. Qd2
Nc6 9. O-O-O d5 10. exd5 Nxd5 11. Nxc6 bxc6 12. Bd4 e5 13. Bc5 Be6 14. Ne4 Re8
15. h4 h6 16. c4 Qc7 17. h5 Red8 18. hxg6 f5 19. Ng3 Nc3 20. Qxc3 Rxd1+ 21.
Kxd1 e4 22. Qe1 Bxb2 23. Ke2 Qe5 24. Be3 f4 25. Nxe4 fxe3 26. Qb4 Rd8 27. Qc5
Rd2+ 28. Ke1 Qxc5 29. Nxc5 Bf5 30. Nb3 Rc2 31. g4 Be6 32. Bd3 Bc3+ 33. Kd1 Rxa2
34. Rxh6 a5 35. Nc5 Rd2+ 36. Kc1 e2 37. Bxe2 Rxe2 38. Ne4 Bd4 39. Kd1 Bxc4 40.
Ng3 Re6 41. f4 Be3 42. Nh5 Bb3+ 0-1

[Event "XXVI Miedzynarodowy Turniej im. Tadeusza"]
[Site "Police"]
[Date "2011.??.??"]
[Round "3.9"]
[White "Poetsch, Hagen"]
[Black "Zschaebitz, Klaus"]
[Result "1-0"]
[WhiteElo "2403"]
[BlackElo "2088"]
[PlyCount "83"]
[EventDate "2011.??.??"]

1. e4 e6 2. d4 d5 3. Nc3 Bb4 4. a3 Bxc3+ 5. bxc3 Ne7 6. Bd3 c5 7. Nf3 c4 8. Be2
dxe4 9. Nd2 Nd5 10. Bb2 e3 11. Nxc4 exf2+ 12. Kxf2 Nc6 13. Bf3 b5 14. Ne3 O-O
15. a4 Nxe3 16. Kxe3 Bb7 17. axb5 Qg5+ 18. Kf2 Qxb5 19. Ba3 Rfc8 20. Qb1 Ba6
21. Bc5 Qc4 22. Qb3 Rab8 23. Qxc4 Bxc4 24. Rhb1 Bd5 25. Rxb8 Rxb8 26. Bxd5 exd5
27. Ra6 Rc8 28. Ke3 Rc7 29. Bd6 Rc8 30. c4 dxc4 31. Ke4 Re8+ 32. Kd5 Ne7+ 33.
Kxc4 Nf5 34. Bc5 Ne3+ 35. Kb5 f5 36. g3 Rb8+ 37. Kc6 Nxc2 38. Rxa7 Rd8 39. d5
g5 40. d6 f4 41. Kc7 Rf8 42. d7 1-0

[Event "XXVI Miedzynarodowy Turniej im. Tadeusza"]
[Site "Police"]
[Date "2011.??.??"]
[Round "3.11"]
[White "Shilov, Sergej"]
[Black "Jacek, Roksana"]
[Result "1-0"]
[WhiteElo "2255"]
[BlackElo "1807"]
[PlyCount "67"]
[EventDate "2011.??.??"]

1. c4 e5 2. Nc3 Nc6 3. Nf3 g6 4. d4 exd4 5. Nd5 h6 6. Nxd4 Nce7 7. Nb5 Nxd5 8.
cxd5 c6 9. Qd4 f6 10. Nc3 Qb6 11. Qd3 Kf7 12. d6 Qc5 13. Bf4 f5 14. e4 Bg7 15.
exf5 gxf5 16. Qc4+ Qxc4 17. Bxc4+ Kg6 18. O-O-O b5 19. Bb3 Nf6 20. Rhe1 a5 21.
Rd3 Nh5 22. Bd2 Ba6 23. Rf3 Bf6 24. Bc2 Ng7 25. Ne2 Rae8 26. Ng3 Rxe1+ 27. Bxe1
Re8 28. Bxa5 Bg5+ 29. Kb1 b4 30. Bxb4 c5 31. Bc3 Bb7 32. Nxf5 Bf6 33. Nxg7+
Kxg7 34. Rxf6 1-0

[Event "XXVI Miedzynarodowy Turniej im. Tadeusza"]
[Site "Police"]
[Date "2011.??.??"]
[Round "3.12"]
[White "Pawlicz, Adam"]
[Black "Maes, Wim"]
[Result "1/2-1/2"]
[WhiteElo "2044"]
[BlackElo "2245"]
[PlyCount "51"]
[EventDate "2011.??.??"]

1. e4 c5 2. c3 d5 3. exd5 Qxd5 4. d4 Nc6 5. Nf3 e6 6. Be2 cxd4 7. cxd4 Nf6 8.
O-O g6 9. Nc3 Qd6 10. Nb5 Qd8 11. Bg5 Bg7 12. Ne5 O-O 13. Bf3 Qb6 14. a4 Nxe5
15. dxe5 Nd7 16. Nd6 Nxe5 17. Be7 Qxb2 18. Rb1 Qa2 19. Bxf8 Bxf8 20. Nxc8 Rxc8
21. Rxb7 Bc5 22. Qe2 Qxe2 23. Bxe2 Bb6 24. a5 Bxa5 25. Rb5 Nc6 26. Rb7 1/2-1/2

[Event "XXVI Miedzynarodowy Turniej im. Tadeusza"]
[Site "Police"]
[Date "2011.??.??"]
[Round "3.13"]
[White "Graf, Pawel"]
[Black "Maruszczak, Joanna"]
[Result "1/2-1/2"]
[WhiteElo "2141"]
[BlackElo "1735"]
[PlyCount "48"]
[EventDate "2011.??.??"]

1. e4 c5 2. Nc3 Nc6 3. g4 d6 4. d3 e5 5. Bg2 Nge7 6. h4 Be6 7. Be3 Qb6 8. Rb1
O-O-O 9. b4 Nd4 10. Nd5 Qc6 11. c4 Qd7 12. g5 Kb8 13. bxc5 dxc5 14. f4 Bg4 15.
Qd2 Nxd5 16. cxd5 Bd6 17. f5 f6 18. Nh3 g6 19. Nf2 gxf5 20. Nxg4 fxg4 21. gxf6
h5 22. Bg5 Rdf8 23. O-O Rf7 24. Kh2 Rc8 1/2-1/2

[Event "XXVI Miedzynarodowy Turniej im. Tadeusza"]
[Site "Police"]
[Date "2011.??.??"]
[Round "3.14"]
[White "Oleniak, Wlodzimierz"]
[Black "Korbal, Arkadiusz"]
[Result "0-1"]
[WhiteElo "1859"]
[BlackElo "2052"]
[PlyCount "66"]
[EventDate "2011.??.??"]

1. d4 Nf6 2. c4 g6 3. Nc3 Bg7 4. Nf3 O-O 5. g3 d6 6. Bg2 Nbd7 7. O-O c5 8. d5
Rb8 9. e4 a6 10. Qe2 b5 11. a3 Ng4 12. Bf4 Nge5 13. cxb5 axb5 14. Nxe5 Nxe5 15.
Nxb5 Ba6 16. a4 Qb6 17. Bd2 Bxb5 18. axb5 c4 19. Bc3 Qxb5 20. Ra5 Qb6 21. Rfa1
Nd3 22. Ra6 Qb3 23. R1a3 Nc1 24. Qd2 Bxc3 25. bxc3 Qb1 26. Bf1 Rb2 27. Qe3 Nd3
28. Ra8 Rxa8 29. Rxa8+ Kg7 30. Qd4+ Ne5 31. Kg2 Qe1 32. Bxc4 Rd2 33. Ra1 Rxd4
0-1

[Event "XXVI Miedzynarodowy Turniej im. Tadeusza"]
[Site "Police"]
[Date "2011.??.??"]
[Round "3.15"]
[White "Okon, Dariusz"]
[Black "Chojnacki, Krzysztof"]
[Result "1/2-1/2"]
[WhiteElo "2200"]
[BlackElo "2437"]
[PlyCount "93"]
[EventDate "2011.??.??"]

1. Nf3 Nf6 2. c4 g6 3. b4 Bg7 4. Bb2 O-O 5. e3 d6 6. d4 c5 7. bxc5 dxc5 8. Be2
Ne4 9. O-O Nc6 10. Nbd2 Bf5 11. Nb3 cxd4 12. exd4 a5 13. a4 Qb6 14. Bd3 Nb4 15.
Bb1 Qc6 16. Qe2 Nd6 17. Bxf5 Nxf5 18. d5 Qc7 19. Bxg7 Kxg7 20. g4 Nd6 21. c5
Ne8 22. Rfd1 Kg8 23. Rd4 Rd8 24. Rad1 Nf6 25. Qc4 b6 26. cxb6 Qxb6 27. g5 Nfxd5
28. Rxd5 Nxd5 29. Rxd5 Qe6 30. Rd4 Rxd4 31. Qxe6 Rd1+ 32. Qe1 Rxe1+ 33. Nxe1
Rb8 34. Nxa5 Ra8 35. Nc6 Rxa4 36. Nf3 Re4 37. Kg2 Kg7 38. Kg3 Rc4 39. Ncd4 h6
40. h4 hxg5 41. hxg5 f6 42. Ne2 e5 43. gxf6+ Kxf6 44. Kg2 e4 45. Nd2 Rb4 46.
Ng3 Ke5 47. Ngxe4 1/2-1/2

[Event "XXVI Miedzynarodowy Turniej im. Tadeusza"]
[Site "Police"]
[Date "2011.??.??"]
[Round "3.16"]
[White "Maniocha, Andrzej"]
[Black "Schmidt, Wlodzimierz"]
[Result "1/2-1/2"]
[WhiteElo "2191"]
[BlackElo "2398"]
[PlyCount "32"]
[EventDate "2011.??.??"]

1. Nf3 Nf6 2. b3 g6 3. Bb2 Bg7 4. c4 c5 5. g3 b6 6. Bg2 Bb7 7. O-O O-O 8. d4
cxd4 9. Nxd4 Bxg2 10. Kxg2 Qc8 11. Nd2 Qb7+ 12. Kg1 d5 13. cxd5 Nxd5 14. Qc2
Nd7 15. Rac1 Rac8 16. Qb1 Rfd8 1/2-1/2

[Event "XXVI Miedzynarodowy Turniej im. Tadeusza"]
[Site "Police"]
[Date "2011.??.??"]
[Round "3.17"]
[White "Radwan, Leszek"]
[Black "Tokarczyk, Tomasz"]
[Result "0-1"]
[WhiteElo "2126"]
[BlackElo "2199"]
[PlyCount "106"]
[EventDate "2011.??.??"]

1. Nf3 d5 2. d4 c6 3. e3 Nf6 4. Nbd2 Bg4 5. Be2 Nbd7 6. c4 e6 7. Qc2 Bd6 8. h3
Bh5 9. b3 O-O 10. Bb2 Qe7 11. g4 Bg6 12. Bd3 Bxd3 13. Qxd3 e5 14. dxe5 Nxe5 15.
Nxe5 Bxe5 16. Bxe5 Qxe5 17. O-O Rad8 18. Qc2 h5 19. Nf3 Qe7 20. gxh5 Nxh5 21.
Qf5 g6 22. Qg4 Nf6 23. Qg5 Kg7 24. Nd4 Qd7 25. cxd5 cxd5 26. Kg2 Rh8 27. Rh1
Rh5 28. Qf4 Rc8 29. f3 Rc3 30. Rae1 Qe7 31. Re2 Re5 32. Rhe1 Nh5 33. Qh2 Rcxe3
34. Kf1 Rxe2 35. Rxe2 Rxe2 36. Nxe2 Qf6 37. Qf2 Qa1+ 38. Qe1 Qxa2 39. Qc3+ Nf6
40. Nf4 Qb1+ 41. Ke2 Qf5 42. Ke3 a5 43. Qd4 b5 44. h4 Kg8 45. Nd3 Qe6+ 46. Kd2
Nd7 47. Qa7 Qf5 48. Qxa5 d4 49. Qa7 Qd5 50. b4 Kg7 51. Qc7 Qxf3 52. Qh2 Qe3+
53. Kc2 Kh7 0-1

[Event "XXVI Miedzynarodowy Turniej im. Tadeusza"]
[Site "Police"]
[Date "2011.??.??"]
[Round "4.2"]
[White "Shishkin, Vadim"]
[Black "Olszewski, Michal"]
[Result "1/2-1/2"]
[WhiteElo "2457"]
[BlackElo "2541"]
[PlyCount "84"]
[EventDate "2011.??.??"]

1. d4 Nf6 2. c4 e6 3. Nc3 c5 4. d5 exd5 5. cxd5 d6 6. e4 g6 7. Bd3 Bg7 8. h3
O-O 9. Nf3 a6 10. a4 Nbd7 11. O-O Nh5 12. Bg5 Bf6 13. Be3 Ne5 14. Be2 Nxf3+ 15.
Bxf3 Ng7 16. Be2 Re8 17. Bd3 Qb6 18. Qc2 Bd7 19. a5 Qb4 20. Rfb1 Bd4 21. Nd1
Bb5 22. Nc3 Bxe3 23. fxe3 f5 24. exf5 Bxd3 25. Qxd3 c4 26. Qd2 Nxf5 27. e4 Qc5+
28. Qf2 Nd4 29. Rd1 Nb3 30. Ra4 Rac8 31. Qxc5 Rxc5 32. Rb4 Nxa5 33. Rb6 Rd8 34.
Kf2 Rc7 35. Ke3 Nb3 36. e5 dxe5 37. Ne4 Nd4 38. d6 Rf7 39. Nc5 Rf4 40. d7 Nf5+
41. Ke2 Nd4+ 42. Ke3 Nf5+ 1/2-1/2

[Event "XXVI Miedzynarodowy Turniej im. Tadeusza"]
[Site "Police"]
[Date "2011.??.??"]
[Round "4.3"]
[White "Urban, Klaudiusz"]
[Black "Neiksans, Arturs"]
[Result "1/2-1/2"]
[WhiteElo "2456"]
[BlackElo "2495"]
[PlyCount "77"]
[EventDate "2011.??.??"]

1. d4 f5 2. g3 Nf6 3. Bg2 g6 4. b3 Bg7 5. Bb2 O-O 6. Nf3 d6 7. O-O Ne4 8. Qc1
Nd7 9. Nbd2 Ndf6 10. c4 c6 11. Qc2 Qe8 12. Rad1 Kh8 13. Nb1 g5 14. Ne1 d5 15.
f3 Nd6 16. Nd3 Be6 17. c5 Nf7 18. Nd2 Nh6 19. e3 g4 20. f4 Nf7 21. Ne5 Ne4 22.
Nxe4 dxe4 23. Bc3 Bd5 24. Rb1 Nd8 25. h3 h5 26. h4 Bxe5 27. dxe5 Ne6 28. Bb2
Kg8 29. Rfd1 Qf7 30. Bf1 Rfd8 31. Rd2 Qe8 32. Rbd1 Kf7 33. Kf2 Qg8 34. Be2 Kg6
35. Ke1 a5 36. Bc4 Nc7 37. Bc3 Ne6 38. Bd4 Nc7 39. Bc3 1/2-1/2

[Event "XXVI Miedzynarodowy Turniej im. Tadeusza"]
[Site "Police"]
[Date "2011.??.??"]
[Round "4.4"]
[White "Kantans, Toms"]
[Black "Grabarczyk, Miroslaw"]
[Result "1/2-1/2"]
[WhiteElo "2345"]
[BlackElo "2459"]
[PlyCount "85"]
[EventDate "2011.??.??"]

1. e4 e5 2. Nf3 Nf6 3. d4 Nxe4 4. Bd3 d5 5. dxe5 Nc5 6. O-O Be7 7. Nc3 c6 8.
Nd4 O-O 9. Nce2 f6 10. exf6 Bxf6 11. c3 Nxd3 12. Qxd3 Nd7 13. Ng3 Qe8 14. b3
Ne5 15. Qd1 Qf7 16. Ba3 Re8 17. Re1 Bd7 18. Qd2 Qg6 19. f4 Qd3 20. Rad1 Qxd2
21. Rxd2 Ng6 22. Rf1 Re3 23. f5 Ne5 24. Nde2 Rd3 25. Rxd3 Nxd3 26. Nh5 Re8 27.
Nxf6+ gxf6 28. Ng3 c5 29. Nh5 Kf7 30. Nf4 Nxf4 31. Rxf4 b6 32. Bc1 Re1+ 33. Rf1
Rxf1+ 34. Kxf1 Bxf5 35. Bf4 Ke6 36. Ke2 Bb1 37. a3 Bc2 38. Bb8 Kd7 39. b4 a6
40. bxc5 bxc5 41. Ke3 Kc6 42. g3 Kb5 43. Bd6 1/2-1/2

[Event "XXVI Miedzynarodowy Turniej im. Tadeusza"]
[Site "Police"]
[Date "2011.??.??"]
[Round "4.5"]
[White "Starostits, Ilmars"]
[Black "Kula, Robert"]
[Result "1-0"]
[WhiteElo "2500"]
[BlackElo "2351"]
[PlyCount "89"]
[EventDate "2011.??.??"]

1. e4 e5 2. Nf3 Nc6 3. Nc3 Nf6 4. a3 d5 5. exd5 Nxd5 6. Bb5 Nxc3 7. bxc3 Bd6 8.
d4 exd4 9. Qe2+ Kf8 10. cxd4 Bg4 11. c3 Qf6 12. h3 Bxf3 13. Qxf3 Qxf3 14. gxf3
Ne7 15. Rb1 h5 16. a4 h4 17. Rg1 f6 18. Rg4 Rh5 19. Bd2 b6 20. Ke2 c6 21. Bd3
Re8 22. Rbg1 f5 23. R4g2 g6 24. Kd1 Kf7 25. Bc4+ Kg7 26. Re1 Rd8 27. Re6 c5 28.
Ke2 cxd4 29. cxd4 f4 30. Bd3 g5 31. Rg1 Nc6 32. Bc3 Kf7 33. Bc4 Kf8 34. d5 Na5
35. Bd3 Nb3 36. Rf6+ Ke7 37. Bg6 Rdh8 38. Re1 R5h6 39. Kd1+ Kd7 40. Ree6 Bc5
41. Rf7+ Kc8 42. Rc6+ Kb8 43. Be5+ Ka8 44. Rcc7 b5 45. Be4 1-0

[Event "XXVI Miedzynarodowy Turniej im. Tadeusza"]
[Site "Police"]
[Date "2011.??.??"]
[Round "4.6"]
[White "Malisauskas, Vidmantas"]
[Black "Poetsch, Hagen"]
[Result "1-0"]
[WhiteElo "2477"]
[BlackElo "2403"]
[PlyCount "189"]
[EventDate "2011.??.??"]

1. c4 e5 2. Nc3 Nf6 3. g3 d5 4. cxd5 Nxd5 5. Bg2 Nb6 6. Nf3 Nc6 7. O-O Be7 8.
a3 O-O 9. b4 Be6 10. Rb1 f6 11. d3 a5 12. b5 Nd4 13. Nd2 Qc8 14. e3 Nf5 15. Qc2
Rd8 16. Nce4 Qd7 17. Nc5 Bxc5 18. Qxc5 Rab8 19. Be4 Ne7 20. Qc3 Ba2 21. Ra1 Bd5
22. Qxa5 f5 23. Bxd5+ Qxd5 24. Qb4 Ng6 25. e4 Qxd3 26. Qb3+ Qxb3 27. Nxb3 fxe4
28. a4 Ra8 29. a5 Nc4 30. Ra4 Nd6 31. Rb4 c5 32. bxc6 bxc6 33. Rd1 Ne7 34. Bg5
Kf7 35. Rb6 Nc4 36. Rxd8 Nxb6 37. Rxa8 Nxa8 38. Nc5 Nd5 39. Kf1 h6 40. Bd2 Ke7
41. Ke2 Nac7 42. Nxe4 Na6 43. Kd3 Ndc7 44. g4 Nb5 45. h4 h5 46. gxh5 Ke6 47.
Be3 Kf5 48. Nc5 Nb4+ 49. Kc4 Nd5 50. Nd7 Ke6 51. Nb6 Nd6+ 52. Kb3 Nc7 53. h6
gxh6 54. Bxh6 Kf5 55. Nc4 Nb7 56. Be3 Kg4 57. Bb6 Na6 58. Nxe5+ Kxh4 59. Nxc6
Kg4 60. Ka4 Kf3 61. Kb5 Nc7+ 62. Bxc7 Nxa5 63. Nxa5 Kxf2 64. Kc4 Ke3 65. Kd5
Kd3 66. Be5 Ke3 67. Nc4+ Kd3 68. Bd4 Kc2 69. Ne5 Kd2 70. Ng6 Ke2 71. Ke4 Kf1
72. Kf3 Ke1 73. Nf4 Kd2 74. Ke4 Kc2 75. Nd5 Kd2 76. Be3+ Ke2 77. Nb4 Ke1 78.
Kf3 Kf1 79. Bd4 Ke1 80. Kg3 Kf1 81. Kh4 Ke1 82. Kg3 Kf1 83. Kf3 Ke1 84. Nd3+
Kd2 85. Nc5 Ke1 86. Ne4 Kd1 87. Be3 Kc2 88. Ke2 Kb3 89. Kd3 Ka4 90. Kc4 Ka3 91.
Nc5 Ka2 92. Kd3 Kb1 93. Kd2 Ka2 94. Kc2 Ka3 95. Bd2 1-0

[Event "XXVI Miedzynarodowy Turniej im. Tadeusza"]
[Site "Police"]
[Date "2011.??.??"]
[Round "4.7"]
[White "Kalinitschew, Sergey"]
[Black "Hnydiuk, Aleksander"]
[Result "1-0"]
[WhiteElo "2431"]
[BlackElo "2432"]
[PlyCount "141"]
[EventDate "2011.??.??"]

1. d4 d5 2. c4 c6 3. Nc3 Nf6 4. cxd5 cxd5 5. Bf4 Nc6 6. e3 a6 7. Rc1 Bf5 8. f3
e6 9. g4 Bg6 10. h4 h6 11. Bd3 Bxd3 12. Qxd3 Bd6 13. Nge2 Bxf4 14. exf4 h5 15.
g5 Ng8 16. f5 exf5 17. Qxf5 Nge7 18. Qd3 Qd6 19. Kf2 O-O 20. Ng3 g6 21. Nce2 f6
22. Qe3 Rae8 23. Rcg1 Kh7 24. Qd3 fxg5 25. Nxh5 g4 26. Rxg4 Nf5 27. Nhf4 Re3
28. Qd2 Rfe8 29. h5 g5 30. Rxg5 Nfxd4 31. Nxd4 Qxf4 32. Rg4 Qf6 33. Qxe3 Rxe3
34. Kxe3 Ne5 35. Rgh4 Qg5+ 36. Kf2 Nd3+ 37. Ke2 Nf4+ 38. Kf2 Qf6 39. Kg3 Nd3
40. Ne2 Qg5+ 41. Rg4 Qd2 42. Nd4 Qf2+ 43. Kh3 Qe3 44. Kg2 Qd2+ 45. Kg3 Qf2+ 46.
Kh3 Qe3 47. Kg2 Nf2 48. Rg7+ Kh8 49. Rh4 Ne4 50. h6 Qf2+ 51. Kh3 Qf1+ 52. Kg4
Qg1+ 53. Kf5 Qxd4 54. fxe4 dxe4 55. Rxe4 Qd5+ 56. Re5 Qf3+ 57. Ke6 Qc6+ 58. Kf7
Qd7+ 59. Kf6 Qd6+ 60. Re6 Qf4+ 61. Ke7 Qc7+ 62. Kf8 Qd8+ 63. Kf7 Qd7+ 64. Kf6
Qd4+ 65. Ke7 Qc5+ 66. Kd7 Qd5+ 67. Rd6 Qf5+ 68. Kd8 Qa5+ 69. Rc7 Qg5+ 70. Kc8
Qg4+ 71. Rdd7 1-0

[Event "XXVI Miedzynarodowy Turniej im. Tadeusza"]
[Site "Police"]
[Date "2011.??.??"]
[Round "4.9"]
[White "Maes, Wim"]
[Black "Moritz, Aron"]
[Result "1/2-1/2"]
[WhiteElo "2245"]
[BlackElo "2091"]
[PlyCount "116"]
[EventDate "2011.??.??"]

1. e4 c5 2. Nf3 d6 3. c3 Nf6 4. h3 Nbd7 5. Bd3 g6 6. Bc2 Bg7 7. O-O O-O 8. d4
Qc7 9. Re1 e5 10. a4 Rb8 11. Na3 a6 12. Qe2 Re8 13. d5 Rf8 14. Be3 Nh5 15. b4
Bf6 16. Rab1 Be7 17. b5 a5 18. b6 Nxb6 19. Nd2 f5 20. exf5 Bxf5 21. Bxf5 gxf5
22. Nb5 Qd7 23. Qxh5 f4 24. Bxc5 dxc5 25. Rxe5 Bf6 26. Rf5 Nxa4 27. Qg4+ Qg7
28. Rxf4 Nxc3 29. Qe6+ Kh8 30. Rg4 Qf7 31. Nxc3 Bxc3 32. Nf3 Bg7 33. Qd6 Rfd8
34. Qxc5 Qxd5 35. Qc7 Qd7 36. Qg3 b5 37. Ng5 Rb6 38. Qh4 Bf6 39. Qh5 Rb7 40.
Rf4 Qe7 41. Re4 Qd7 42. Ne6 Rg8 43. Qf3 Qf7 44. Rf4 Qxe6 45. Qxb7 b4 46. Qf3
Bc3 47. Rd1 a4 48. Rf8 h6 49. Rdd8 Rxf8 50. Qxf8+ Kh7 51. Re8 Qg6 52. h4 h5 53.
Ra8 b3 54. Qe7+ Bg7 55. Rb8 Qf6 56. Qe4+ Qg6 57. Qe7 Qf6 58. Qe4+ Qg6 1/2-1/2

[Event "XXVI Miedzynarodowy Turniej im. Tadeusza"]
[Site "Police"]
[Date "2011.??.??"]
[Round "4.10"]
[White "Korbal, Arkadiusz"]
[Black "Graf, Pawel"]
[Result "1-0"]
[WhiteElo "2052"]
[BlackElo "2141"]
[PlyCount "77"]
[EventDate "2011.??.??"]

1. d4 Nf6 2. c4 e6 3. Nf3 b6 4. g3 Bb7 5. Bg2 Be7 6. O-O O-O 7. Nc3 Ne4 8. Qc2
Nxc3 9. bxc3 c5 10. Ng5 Bxg5 11. Bxb7 Bxc1 12. Bxa8 Bg5 13. Bg2 d6 14. dxc5
dxc5 15. Qa4 Qc7 16. Rad1 h5 17. h4 Bf6 18. Rd3 g6 19. Rfd1 Kg7 20. f4 e5 21.
e3 Kg8 22. R1d2 Kg7 23. Rd6 exf4 24. exf4 Bxc3 25. R2d5 Qe7 26. Kh2 Bd4 27. Qd1
Kg8 28. Qf3 Kg7 29. Qe4 Qxe4 30. Bxe4 Bf6 31. Rd1 Bd4 32. f5 Re8 33. Bf3 Re3
34. Kg2 Rc3 35. fxg6 Rxc4 36. gxf7 Rc2+ 37. Kh3 Kxf7 38. Re1 Na6 39. Bxh5+ 1-0

[Event "XXVI Miedzynarodowy Turniej im. Tadeusza"]
[Site "Police"]
[Date "2011.??.??"]
[Round "4.11"]
[White "Maruszczak, Joanna"]
[Black "Pawlicz, Adam"]
[Result "1-0"]
[WhiteElo "1735"]
[BlackElo "2044"]
[PlyCount "59"]
[EventDate "2011.??.??"]

1. e4 c6 2. d4 d5 3. exd5 cxd5 4. Bd3 Nf6 5. c3 Nc6 6. Bf4 e6 7. Nf3 Bd6 8.
Bxd6 Qxd6 9. O-O O-O 10. Re1 g6 11. Ne5 Qe7 12. Nd2 Nxe5 13. Rxe5 Bd7 14. Qb3
Bc6 15. Rae1 Qc7 16. h3 a6 17. R5e3 Bb5 18. Bxb5 axb5 19. a3 Qd7 20. Nf3 Ne4
21. Ne5 Qe8 22. R3e2 Nd6 23. f3 h5 24. Nxg6 fxg6 25. Rxe6 Qc6 26. Rxg6+ Kh8 27.
Ree6 Qc4 28. Qc2 Ne4 29. Qc1 Rf7 30. Rh6+ 1-0

[Event "XXVI Miedzynarodowy Turniej im. Tadeusza"]
[Site "Police"]
[Date "2011.??.??"]
[Round "4.13"]
[White "Dogoda, Rafal"]
[Black "Okon, Dariusz"]
[Result "0-1"]
[WhiteElo "1870"]
[BlackElo "2200"]
[PlyCount "68"]
[EventDate "2011.??.??"]

1. c4 e6 2. Nc3 d5 3. cxd5 exd5 4. d4 Nf6 5. Nf3 c6 6. g3 Bf5 7. Bg2 Bd6 8. Qb3
Qb6 9. Qxb6 axb6 10. Nh4 Be6 11. O-O b5 12. b3 O-O 13. Bf4 Ba3 14. Bc1 Nbd7 15.
Nb1 Be7 16. Bb2 Ra7 17. Nf3 Rfa8 18. a3 Bf5 19. Nfd2 b4 20. a4 b5 21. axb5 Rxa1
22. Bxa1 Rxa1 23. bxc6 Nb6 24. f3 Ra7 25. e4 Bc8 26. exd5 Nbxd5 27. Rc1 Rc7 28.
Ne4 Bd7 29. f4 Rxc6 30. Nxf6+ Bxf6 31. Re1 Re6 32. Rc1 Bxd4+ 33. Kh1 Nc3 34.
Nxc3 Bxc3 0-1

[Event "XXVI Miedzynarodowy Turniej im. Tadeusza"]
[Site "Police"]
[Date "2011.??.??"]
[Round "4.14"]
[White "Tokarczyk, Tomasz"]
[Black "Oleniak, Wlodzimierz"]
[Result "1-0"]
[WhiteElo "2199"]
[BlackElo "1859"]
[PlyCount "35"]
[EventDate "2011.??.??"]

1. e4 e5 2. Nf3 Nf6 3. Nc3 d6 4. d4 exd4 5. Nxd4 Be7 6. f3 O-O 7. Be3 Nbd7 8.
Nf5 Ne5 9. Nxe7+ Qxe7 10. Qd2 Be6 11. O-O-O Nfd7 12. Nd5 Qd8 13. f4 Ng4 14. Bg1
Nc5 15. Nc3 Nf6 16. f5 Bd7 17. Bxc5 dxc5 18. e5 1-0

[Event "XXVI Miedzynarodowy Turniej im. Tadeusza"]
[Site "Police"]
[Date "2011.??.??"]
[Round "4.16"]
[White "Jacek, Krystian"]
[Black "Aglave, Arnaud"]
[Result "1-0"]
[WhiteElo "2111"]
[BlackElo "2081"]
[PlyCount "43"]
[EventDate "2011.??.??"]

1. e4 Nf6 2. e5 Nd5 3. d4 d6 4. Nf3 dxe5 5. Nxe5 c6 6. Bd3 Nd7 7. Qe2 Nxe5 8.
dxe5 Qc7 9. O-O Nb4 10. Bc4 Bf5 11. Bb3 e6 12. g4 Bg6 13. f4 Bc5+ 14. Kg2 O-O-O
15. f5 exf5 16. gxf5 Bh5 17. Qxh5 Qxe5 18. Nc3 g6 19. Qh3 Rd4 20. fxg6+ Kd8 21.
Qg3 Qxg3+ 22. hxg3 1-0